Oscar Winning Films To Actor Match #1 - Statistics

General Stats
  • This quiz has been taken 166 times
    163 since last reset
  • The average score is 8 of 12
Answer Stats
Movies Actors % Correct
My Left Foot (1989) There Will Be Blood (2007) Lincoln (2012) Daniel Day-Lewis
97%
One Flew Over the Cuckoo's Nest (1975) As Good as It Gets (1997) Jack Nicholson
97%
On the Waterfront (1954) The Godfather (1972) Marlon Brando
96%
Sophie's Choice (1982) The Iron Lady (2011) Meryl Streep
96%
Kramer vs. Kramer (1979) Rain Man (1988) Dustin Hoffman
95%
Morning Glory (1933) Guess Who's Coming to Dinner (1967) The Lion in Winter (1968) On Golden Pond (1981) Katharine Hepburn
75%
Klute (1971) Coming Home (1978) Jane Fonda
68%
Dangerous (1935) Jezebel (1938) Bette Davis
52%
Captains Courageous (1937) Boys Town (1938) Spencer Tracy
47%
Gaslight (1944) Anastasia (1956) Ingrid Bergman
45%
To Each His Own (1946) The Heiress (1949) Olivia de Havilland
32%
Dr. Jekyll and Mr. Hyde (1931) The Best Years of Our Lives (1946) Fredric March
31%
No matching quizzes found
Score Distribution
Percent of People with Each Score
Percentile by Number Answered
Your Score History
You have not taken this quiz since the last reset